| 000 | 01376cam a22003857a 4500 | ||
|---|---|---|---|
| 003 | CHAP | ||
| 005 | 20251028100254.0 | ||
| 008 | 971013s1990 r 00010 d | ||
| 010 | _a2268 | ||
| 011 | _a3240 | ||
| 035 | _a2440 | ||
| 040 | _cCHAP | ||
| 090 | _aFolleto 12630 | ||
| 100 | 0 | 0 |
_aCorrales García, José Joel Enrique. _928203 |
| 245 | 0 | _aUso comercial de las atmósferas controladas en México | |
| 260 |
_aChapingo, Méx. : _bUACH. Departamento de Ingeniería Agroindustrial, _c1990 |
||
| 300 |
_a52 p. _b: ilus. |
||
| 590 |
_aBATCH-UPD _b10 _c20130110 _lUCH01 _h0031 |
||
| 590 |
_aBATCH-UPD _b10 _c20130110 _lUCH01 _h1444 |
||
| 590 |
_aBATCH-UPD _b10 _c20130409 _lUCH01 _h2013 |
||
| 590 |
_aBATCH-UPD _b10 _c20130410 _lUCH01 _h0914 |
||
| 590 |
_aBATCH-UPD _b10 _c20130914 _lUCH01 _h0115 |
||
| 590 |
_aBATCH-UPD _b10 _c20130914 _lUCH01 _h1851 |
||
| 590 |
_aCONVERSION _b10 _c20130109 _lUCH01 _h1302 |
||
| 650 | 1 | 4 |
_aAlimentos _xConservación. _94179 |
| 650 | 1 | 4 |
_aFrigoríficos. _943317 |
| 700 | 1 |
_aGómez Vázquez, Raúl _949945 |
|
| 700 | 1 |
_aHernández Méndez, Juan _954356 |
|
| 901 | _aBK | ||
| 942 | _cFOLL | ||
| 949 |
_aFolleto 12630 _bBC _cFOLL _d-11941 _eTS1 _i2440 _si |
||
| 949 |
_aFolleto 12630 _bBC _cFOLL _d-72879 _eTS2 _fc.2 _i2440 _si |
||
| 949 |
_aFolleto 12630 _bBC _cFOLL _d-72881 _eTS2 _fc.3 _i2440 _si |
||
| 949 |
_aFolleto 12630 _bBC _cUACH _d24404 _eUACH _fc.4 _i2440 _sb |
||
| 999 |
_c2268 _d2268 |
||